| 000 | 00515nam a2200205Ia 4500 | ||
|---|---|---|---|
| 005 | 20240913125635.0 | ||
| 008 | 240913s9999||||xx |||||||||||||| ||und|| | ||
| 020 | _a978-81-265-2578-2 | ||
| 041 | _aENGLISH | ||
| 082 | _A621.3825 Q0 | ||
| 100 | _aWalter L Morgan | ||
| 245 | 0 | _aCommunications satellite Handbook | |
| 250 | _a1st | ||
| 260 |
_c2010 _bWiley India Pv _aNew Delhi |
||
| 500 | _aREFERENCE | ||
| 650 |
_aCommunication _bElectronics |
||
| 700 | _a Gary D Gordon | ||
| 942 | _cREF | ||
| 999 |
_c245968 _d245968 |
||